LEADER 01198nam--2200361---450- 001 990003453640203316 005 20101012160909.0 035 $a000345364 035 $aUSA01000345364 035 $a(ALEPH)000345364USA01 035 $a000345364 100 $a20101012d2004----km-y0itay50------ba 101 $aita 102 $aIT 105 $aa---||||001yy 200 1 $aQuadreria 2004$estoria, ritratto, paesaggio, pittori in Italia tra Neoclassico e Roamntico$e20 maggio-20 giugno 2004$fcatalogo a cura di Francesco Leone$gcon uno scritto introduttivo di Liliana Barroero 210 $aRoma$cCarlo Virgilio$dstampa 2004 215 $a71 p.$cill.$d24 cm 300 $aCatalogo 300 $aIn testa al front.: Carlo Virgilio, Roma 606 0 $aPittura$zSec. 18.-19.$xEsposizioni$z2004 676 $a759.047 702 1$aLEONE,$bFrancesco 702 1$aBORROERO,$bLiliana 801 0$aIT$bsalbc$gISBD 912 $a990003453640203316 951 $aXII.2.B. 1597$b219403 LM$cXII.2.B.$d00282459 959 $aBK 969 $aUMA 979 $aSENATORE$b90$c20101012$lUSA01$h1607 979 $aSENATORE$b90$c20101012$lUSA01$h1609 996 $aQuadreria 2004$91108802 997 $aUNISA LEADER 01036nam a22002651i 4500 001 991000792639707536 005 20021029143120.0 008 021029s1987 it |||||||||||||||||ita 035 $ab12055840-39ule_inst 035 $aARCHE-014564$9ExL 040 $aDip.to Filologia Ling. e Lett.$bita$cA.t.i. Arché s.c.r.l. Pandora Sicilia s.r.l. 082 04$a850.9009 100 1 $aMacchia, Giovanni$0153318 245 14$aGli anni dell'attesa /$cGiovanni Macchia 260 $aMilano :$bAdelphi,$c1987 300 $a235 p. ;$c22 cm 490 0 $aSaggi [Adelphi] ;$v36 650 4$aLetterati italiani$y1910-1960 907 $a.b12055840$b28-04-17$c01-04-03 912 $a991000792639707536 945 $aLE008 FL.M. IV M 21$g1$i2008000149932$lle008$o-$pE0.00$q-$rl$s- $t0$u0$v0$w0$x0$y.i12350709$z01-04-03 945 $aLE008 FL.M. VIII D 65$g2$iLE008N-987$lle008$o-$pE0.00$q-$rl$s- $t0$u0$v0$w0$x0$y.i12350710$z01-04-03 996 $aAnni dell'attesa$9143347 997 $aUNISALENTO 998 $ale008$b01-04-03$cm$da $e-$fita$git $h4$i2